[Event "NOR-chT Eliteserien 2018-19"]
[Site "Norway"]
[Date "2019.01.12"]
[Round "5"]
[White "Haug, Johannes"]
[Black "Stokke, Kjetil"]
[Result "0-1"]
[WhiteElo "2402"]
[BlackElo "2334"]
[Annotator "NA"]
[PlyCount "94"]
[EventDate "2018.11.02"]
[EventType "team-tourn"]
[EventCountry "NOR"]
[SourceTitle "playchess.com"]
[Source "ChessBase"]
[SourceQuality "1"]
[TimeControl "40/5400+30:1800+30"]

1. e4 {[%emt 0:21:33]} g6 {[%emt 0:09:05]} 2. d4 {[%emt 0:00:30]} Bg7 {[%emt 0:00:30]} 3. Nc3 {[%emt 0:00:30]} d5 {[%emt 0:00:30]} 4. Be3 {[%emt 0:00:30]} Nf6 {[%emt 0:00:30]} 5. exd5 {[%emt 0:00:30]} Nxd5 {[%emt 0:00:30]} 6. Nxd5 {[%emt 0:00:30]} Qxd5 7. Nf3 {[%emt 0:00:30]} O-O {[%emt 0:01:00]} 8. Be2 {[%emt 0:05:34]} c5 {[%emt 0:04:33]} 9. c4 {[%emt 0:05:10]} Qd6 {[%emt 0:01:26]} 10. O-O {[%emt 0:03:55]} Nc6 {[%emt 0:03:11]} 11. d5 {[%emt 0:06:41]} Ne5 {[%emt 0:01:20]} 12. Ng5 {[%emt 0:02:29]} b6 {[%emt 0:09:14]} 13. h3 {[%emt 0:04:03]} f5 {[%emt 0:04:53]} 14. f4 {[%emt 0:12:36]} Nf7 {[%emt 0:01:50]} 15. Nxf7 {[%emt 0:01:37]} Rxf7 {[%emt 0:00:12]} 16. Qd2 {[%emt 0:00:04]} e5 {[%emt 0:02:49]} 17. Rae1 {[%emt 0:07:37]} Bd7 {[%emt 0:01:40]} 18. fxe5 {[%emt 0:04:20]} Bxe5 {[%emt 0:00:09]} 19. Bf4 {[%emt 0:01:58]} Bxf4 {[%emt 0:03:02]} 20. Rxf4 {[%emt 0:02:29]} Re8 {[%emt 0:01:47]} 21. Rff1 {[%emt 0:00:08]} Rfe7 {[%emt 0:01:55]} 22. Bf3 {[%emt 0:00:06]} Rxe1 {[%emt 0:12:22]} 23. Rxe1 {[%emt 0:00:02]} Rxe1+ {[%emt 0:00:22]} 24. Qxe1 {[%emt 0:00:01]} Kg7 {[%emt 0:00:15]} 25. b3 {[%emt 0:02:17]} g5 {[%emt 0:04:42]} 26. Bh5 {[%emt 0:09:20]} Kf6 {[%emt 0:01:54]} 27. Be8 {[%emt 0:00:16]} Bc8 {[%emt 0:00:17]} 28. Bc6 {[%emt 0:00:54]} Qe5 {[%emt 0:00:31]} 29. Qd2 {[%emt 0:00:51]} Qd4+ {[%emt 0:08:49]} 30. Qxd4+ {[%emt 0:01:51]} cxd4 {[%emt 0:00:05]} 31. b4 {[%emt 0:01:55]} Ba6 {[%emt 0:00:25]} 32. c5 {[%emt 0:01:41]} bxc5 {[%emt 0:00:11]} 33. bxc5 {[%emt 0:00:14]} d3 {[%emt 0:00:44]} 34. d6 {[%emt 0:02:27]} d2 {[%emt 0:00:16]} 35. Bf3 {[%emt 0:00:18]} Bb5 {[%emt 0:01:15]} 36. Bd1 {[%emt 0:00:43]} Ke5 {[%emt 0:02:43]} 37. Kf2 {[%emt 0:00:32]} Kd5 {[%emt 0:02:25]} 38. g3 {[%emt 0:00:35]} Kxc5 {[%emt 0:01:37]} 39. Ke3 {[%emt 0:00:06]} Kxd6 {[%emt 0:00:18]} 40. Kxd2 {[%emt 0:00:09]} f4 {[%emt 0:02:45]} 41. gxf4 {[%emt 0:07:21]} gxf4 {[%emt 0:00:23]} 42. Bc2 {[%emt 0:00:07]} h6 {[%emt 0:00:34]} 43. a3 {[%emt 0:03:57]} Ke5 {[%emt 0:00:28]} 44. Ke1 {[%emt 0:04:03]} Kd4 {[%emt 0:01:56]} 45. Kf2 {[%emt 0:00:35]} Bc6 {[%emt 0:00:46]} 46. h4 {[%emt 0:00:18]} a5 {[%emt 0:00:44]} 47. Bd1 {[%emt 0:00:52]} Kc3 {[%emt 0:00:35]} 0-1

[Event "NOR-chT Eliteserien 2018-19"]
[Site "Norway"]
[Date "2019.01.12"]
[Round "5"]
[White "Ogaard, Leif"]
[Black "Vitenberg, Noam Aviv"]
[Result "1/2-1/2"]
[WhiteElo "2382"]
[BlackElo "2139"]
[Annotator "NA"]
[PlyCount "86"]
[EventDate "2018.11.02"]
[EventType "team-tourn"]
[EventCountry "NOR"]
[SourceTitle "playchess.com"]
[Source "ChessBase"]
[SourceQuality "1"]
[TimeControl "40/5400+30:1800+30"]

1. c4 {[%emt 0:00:00]} e6 {[%emt 0:00:00]} 2. Nc3 {[%emt 0:01:31]} d5 {[%emt 0:00:14]} 3. d4 {[%emt 0:00:09]} Bb4 {[%emt 0:00:16]} 4. e3 {[%emt 0:04:28]} c5 {[%emt 0:00:32]} 5. cxd5 {[%emt 0:00:37]} exd5 {[%emt 0:01:05]} 6. Bd3 {[%emt 0:01:13]} cxd4 {[%emt 0:09:03]} 7. exd4 {[%emt 0:00:13]} Ne7 {[%emt 0:01:58]} 8. Qh5 {[%emt 0:04:11]} Nd7 {[%emt 0:13:37]} 9. Bg5 {[%emt 0:04:05]} Nf6 {[%emt 0:08:43]} 10. Bxf6 {[%emt 0:02:29]} gxf6 {[%emt 0:00:16]} 11. Nge2 {[%emt 0:00:48]} Be6 {[%emt 0:07:04]} 12. O-O {[%emt 0:10:41]} Qd7 {[%emt 0:17:48]} 13. Rac1 {[%emt 0:07:01]} Nc6 {[%emt 0:03:34]} 14. Qh4 {[%emt 0:03:32]} Be7 {[%emt 0:08:42]} 15. Na4 {[%emt 0:06:01]} Nb4 {[%emt 0:02:06]} 16. Bc2 {[%emt 0:13:30]} Nxc2 {[%emt 0:04:29]} 17. Nc5 {[%emt 0:00:12]} Bxc5 {[%emt 0:01:58]} 18. dxc5 {[%emt 0:00:07]} d4 {[%emt 0:05:40]} 19. Qxf6 {[%emt 0:15:46]} Rg8 {[%emt 0:01:03]} 20. Rxc2 {[%emt 0:04:18]} d3 {[%emt 0:01:36]} 21. Rd2 {[%emt 0:00:30]} dxe2 {[%emt 0:00:16]} 22. Rxd7 {[%emt 0:00:17]} exf1=Q+ {[%emt 0:00:45]} 23. Kxf1 {[%emt 0:00:09]} Kxd7 {[%emt 0:00:51]} 24. Qd4+ {[%emt 0:00:17]} Ke8 {[%emt 0:01:06]} 25. Qe4 {[%emt 0:01:10]} Rd8 {[%emt 0:02:15]} 26. c6 {[%emt 0:09:45]} Rg4 {[%emt 0:04:40]} 27. f4 {[%emt 0:00:56]} bxc6 {[%emt 0:00:58]} 28. h3 {[%emt 0:00:31]} Rg6 {[%emt 0:01:53]} 29. f5 {[%emt 0:00:30]} Rf6 {[%emt 0:00:07]} 30. g4 {[%emt 0:00:09]} Kf8 {[%emt 0:01:22]} 31. Qe5 {[%emt 0:05:42]} Bc4+ {[%emt 0:00:23]} 32. Kg1 {[%emt 0:00:27]} Rd1+ {[%emt 0:00:49]} 33. Kh2 {[%emt 0:00:35]} Rfd6 {[%emt 0:00:37]} 34. Qh8+ {[%emt 0:00:50]} Ke7 {[%emt 0:00:03]} 35. Qe5+ {[%emt 0:00:08]} Kf8 {[%emt 0:00:18]} 36. Qh8+ {[%emt 0:00:16]} Ke7 {[%emt 0:00:04]} 37. Qe5+ {[%emt 0:00:06]} Kd7 {[%emt 0:00:23]} 38. Qc5 {[%emt 0:00:24]} R1d2+ {[%emt 0:00:42]} 39. Kg3 {[%emt 0:00:19]} R2d3+ {[%emt 0:01:39]} 40. Kh4 {[%emt 0:00:24]} R6d4 {[%emt 0:00:33]} 41. Qxa7+ {[%emt 0:30:14]} Kd6 {[%emt 0:12:29]} 42. Qb8+ {[%emt 0:00:00]} Kd7 {[%emt 0:00:46]} 43. Qa7+ {[%emt 0:00:00]} Kd6 {[%emt 0:00:29]} 1/2-1/2

[Event "NOR-chT Eliteserien 2018-19"]
[Site "Norway"]
[Date "2019.01.12"]
[Round "5"]
[White "Galchenko, Matvey"]
[Black "Lie, Espen"]
[Result "1/2-1/2"]
[WhiteElo "2361"]
[BlackElo "2492"]
[Annotator "TA"]
[PlyCount "29"]
[EventDate "2018.11.02"]
[EventType "team-tourn"]
[EventCountry "NOR"]
[SourceTitle "playchess.com"]
[Source "ChessBase"]
[SourceQuality "1"]

{[%evp 19,29,49,63,70,62,43,38,53,59,74,77,67]} 1. c4 c5 2. Nc3 Nc6 3. g3 g6 4. Bg2 Bg7 5. Nf3 e6 6. d4 cxd4 7. Nb5 d6 {A37: Symmetrical English vs ...g6: 4 Bg2 Bg7 5 Nf3} (7... d5 8. cxd5 Qa5+ 9. Nd2 exd5 10. Nd6+ Kf8 11. Nxc8 Rxc8 12. O-O Nge7 13. Nf3 h6 14. h4 Bf6 15. Bd2 Qb6 16. b4 Kg7 17. Rb1 {½-½ (40) Grischuk,A (2766)-So,W (2778) Paris 2018}) 8. Nbxd4 Nxd4 9. Nxd4 a6 10. O-O Ne7 {LiveBook: 7 Games} 11. b3 O-O 12. Bb2 Qb6 $146 ({Predecessor:} 12... Qc7 13. Qd2 Rd8 14. Rfd1 Rb8 15. Rac1 b6 16. Nf3 {½-½ (16) Mastrovasilis,A (2497)-Romanov,E (2603) Skopje 2013}) 13. Qd2 Bd7 14. Rfd1 Rfd8 15. Rac1 1/2-1/2

[Event "NOR-chT Eliteserien 2018-19"]
[Site "Norway"]
[Date "2019.01.12"]
[Round "5"]
[White "Vestby-Ellingsen, Mads"]
[Black "Tari, Aryan"]
[Result "0-1"]
[WhiteElo "2358"]
[BlackElo "2625"]
[Annotator "TA"]
[PlyCount "126"]
[EventDate "2018.11.02"]
[EventType "team-tourn"]
[EventCountry "NOR"]
[SourceTitle "playchess.com"]
[Source "ChessBase"]
[SourceQuality "1"]

{[%evp 24,126,-4,-10,-21,-4,16,-5,0,-17,2,0,0,-9,-12,-13,-34,-49,-58,-89,-78,-86,-90,-77,-79,-79,-78,-93,-78,-79,-78,-78,-78,-86,-36,-44,-47,-40,-43,-94,-79,-80,-77,-70,-70,-63,-64,-75,-74,-85,-77,-90,-63,-87,-89,-87,-82,-93,-83,-100,-100,-103,-94,-102,-87,-103,-102,-102,-100,-145,-103,-188,-76,-76,-76,-148,-148,-148,-148,-154,-155,-139,-153,-132,-126,-1823,-582,-2831,-1962,-897,-416,-29995,-1866,-2295,-1524,-29992,-29993,-29994,-29995,-29995,-29996,-29996,-29997,-29998,-29999]} 1. Nf3 d5 2. g3 g6 3. Bg2 Bg7 4. d4 Nf6 5. O-O O-O 6. Nbd2 a5 7. c4 c6 8. b3 Ne4 9. Bb2 Bf5 10. Nh4 Nxd2 11. Qxd2 Be6 12. Rac1 {D78: Fianchetto Grünfeld: 6 0-0 c6} (12. Rfc1 a4 13. Qb4 axb3 14. axb3 Rxa1 15. Rxa1 dxc4 16. bxc4 Bxd4 17. Qxb7 Bxc4 18. Nf3 Bxb2 19. Qxb2 Bd5 {½-½ (29) Artemiev,V (2706)-Dubov,D (2703) Sochi 2018}) 12... a4 13. Nf3 {LiveBook: 4 Games} axb3 14. axb3 {[#] The position is equal.} Qb6 $146 ({Predecessor:} 14... Ra2 15. c5 Qc8 16. Ra1 Rxa1 17. Rxa1 Na6 18. b4 Nc7 19. Ne1 Bh3 {½-½ (32) Naumann,A (2523)-Sebenik,M (2502) Olbia 2008}) 15. Qc3 (15. Ng5 $5 {[%cal Rg5e6]}) 15... Na6 16. Ng5 Bg4 17. h3 Bd7 18. cxd5 cxd5 19. Bxd5 h6 20. Nf3 Bxh3 21. Rfe1 Nb4 $36 {[%mdl 2048] Black is on the roll.} 22. Be4 Na2 23. Qc5 Qe6 $1 ({Don't play} 23... Qxb3 $6 24. Rb1 $11) 24. Bxb7 ({Don't go for} 24. Bd5 $2 Qd7 $19) 24... Nxc1 25. Bxc1 Rab8 26. Bd5 Qd7 27. Bc6 Qd6 28. Ba3 Rfc8 29. Qxd6 exd6 30. Bxd6 Rxb3 31. Bd5 (31. d5 $1 $15) 31... Rb5 $17 32. Bc5 {[#]} Bxd4 $1 {[%mdl 512] [#]} 33. Bxf7+ $1 {[%mdl 512]} (33. Bxd4 Rxd5) 33... Kxf7 34. Bxd4 Re8 35. Be3 g5 36. Ra1 Bc8 37. Nd4 Rb2 38. Bc1 Rb4 39. Be3 Bb7 40. Nf5 Kg6 41. Nd4 g4 42. Rc1 Bd5 43. Ra1 Re5 44. Ra6+ Kf7 45. Ra1 Bb7 46. Nc2 Rb2 47. Ne1 (47. Nd4 $17) 47... Rxe2 (47... Reb5 $19 {and Black stays clearly on top. ...Rb1 is the strong threat.} 48. Kf1 Rh5) 48. Kf1 Bf3 49. Ra7+ (49. Nxf3 $142 gxf3 50. Ra7+ Kg6 51. Ra6+ Kf5 52. Rxh6) 49... Kg8 50. Nxf3 gxf3 {[%mdl 4096] Endgame KRR-KRB} 51. Ra8+ {[#]} Kg7 $1 52. Ra7+ {[#]} Kg6 $1 53. Ra6+ Kf5 {And now ...Rb2 would win.} 54. Rxh6 $2 {[%mdl 8192]} (54. Ra7 $17) 54... Rb2 (54... Ra2 $142 55. Rh5+ Ke6 56. Rh6+ Kd5) 55. Rh5+ Ke6 56. Rh6+ Kf7 (56... Kd7 $142 57. Rh7+ Ke6 58. Rh6+ Ke7 59. Rh7+ Kd6 60. Rh6+ Re6 61. Bf4+ Kd5 62. Rxe6 Kxe6) 57. Ke1 (57. Rh7+ $19 Kf8 58. Rc7) 57... Re2+ (57... Rd5 $142 58. Bd4 Rxd4 59. Rh7+ Kg6 60. Rg7+ Kxg7 61. Kf1 Rd1#) 58. Kf1 Rb5 {( -> ...Rb1+)} 59. Rc6 Rh5 {[%cal Rh5h1] Black mates.} 60. Rh6 {[#]} Ra2 $1 {[%mdl 512]} 61. Ke1 Rd5 62. Rh7+ Kg8 63. Rc7 Re2+ {Accuracy: White = 34%, Black = 63%.} 0-1

[Event "NOR-chT Eliteserien 2018-19"]
[Site "Norway"]
[Date "2019.01.12"]
[Round "5"]
[White "Dahl, Trygve"]
[Black "Tisdall, Jonathan D"]
[Result "1/2-1/2"]
[WhiteElo "2342"]
[BlackElo "2399"]
[Annotator "NA"]
[PlyCount "81"]
[EventDate "2018.11.02"]
[EventType "team-tourn"]
[EventCountry "NOR"]
[SourceTitle "playchess.com"]
[Source "ChessBase"]
[SourceQuality "1"]
[TimeControl "40/5400+30:1800+30"]

1. e4 {[%emt 0:00:00]} c5 {[%emt 0:00:01]} 2. Nf3 {[%emt 0:00:00]} e6 {[%emt 0:00:40]} 3. g3 {[%emt 0:01:18]} Nc6 {[%emt 0:01:42]} 4. Bg2 {[%emt 0:00:07]} Nf6 {[%emt 0:00:22]} 5. Qe2 {[%emt 0:00:49]} d5 {[%emt 0:03:17]} 6. exd5 {[%emt 0:05:35]} Nxd5 {[%emt 0:00:15]} 7. O-O {[%emt 0:00:28]} Be7 {[%emt 0:01:58]} 8. Nc3 {[%emt 0:00:12]} O-O {[%emt 0:03:11]} 9. Rd1 {[%emt 0:02:02]} Ndb4 {[%emt 0:07:19]} 10. d3 {[%emt 0:00:38]} Nd4 {[%emt 0:03:34]} 11. Nxd4 {[%emt 0:00:13]} cxd4 {[%emt 0:00:07]} 12. Nb1 {[%emt 0:04:27]} Bf6 {[%emt 0:07:20]} 13. c3 {[%emt 0:16:33]} dxc3 {[%emt 0:06:33]} 14. bxc3 {[%emt 0:00:07]} Nd5 {[%emt 0:00:17]} 15. d4 {[%emt 0:03:09]} b6 {[%emt 0:13:19]} 16. Bb2 {[%emt 0:04:04]} a5 {[%emt 0:02:11]} 17. Nd2 {[%emt 0:14:13]} Ba6 {[%emt 0:02:31]} 18. c4 {[%emt 0:01:56]} Rc8 {[%emt 0:00:13]} 19. Rac1 {[%emt 0:00:56]} Nb4 {[%emt 0:06:45]} 20. a3 {[%emt 0:04:18]} Nc6 {[%emt 0:00:08]} 21. Nf3 {[%emt 0:01:24]} Ne7 {[%emt 0:06:38]} 22. h4 {[%emt 0:02:48]} Qc7 {[%emt 0:04:13]} 23. Nd2 {[%emt 0:02:47]} Rfd8 {[%emt 0:11:47]} 24. Ne4 {[%emt 0:01:08]} Bxc4 {[%emt 0:00:55]} 25. Nxf6+ {[%emt 0:00:47]} gxf6 {[%emt 0:00:02]} 26. Qg4+ {[%emt 0:00:06]} Ng6 {[%emt 0:00:31]} 27. d5 {[%emt 0:05:02]} h5 {[%emt 0:03:30]} 28. Qxh5 {[%emt 0:01:32]} Qe7 {[%emt 0:00:08]} 29. Qg4 {[%emt 0:07:26]} f5 {[%emt 0:01:42]} 30. Qh5 {[%emt 0:00:15]} Bb3 {[%emt 0:06:10]} 31. Rxc8 {[%emt 0:02:34]} Rxc8 {[%emt 0:00:07]} 32. Re1 {[%emt 0:00:08]} Rc2 {[%emt 0:01:29]} 33. Rxe6 {[%emt 0:01:37]} fxe6 {[%emt 0:00:37]} 34. Qxg6+ {[%emt 0:00:29]} Kf8 {[%emt 0:00:15]} 35. Bf6 {[%emt 0:02:16]} Qf7 {[%emt 0:01:40]} 36. Qh6+ {[%emt 0:02:01]} Ke8 {[%emt 0:00:02]} 37. Qh8+ {[%emt 0:08:38]} Qf8 {[%emt 0:00:02]} 38. Qh5+ {[%emt 0:00:17]} Qf7 {[%emt 0:00:09]} 39. Qh8+ {[%emt 0:00:07]} Qf8 {[%emt 0:00:05]} 40. Qh5+ {[%emt 0:01:03]} Qf7 {[%emt 0:00:07]} 41. Qh8+ {[%emt 0:00:28]} 1/2-1/2

[Event "NOR-chT Eliteserien 2018-19"]
[Site "Norway"]
[Date "2019.01.12"]
[Round "5"]
[White "Gullaksen, Eirik"]
[Black "Tryggestad, Andreas Garberg"]
[Result "0-1"]
[WhiteElo "2341"]
[BlackElo "2333"]
[Annotator "NA"]
[PlyCount "74"]
[EventDate "2018.11.02"]
[EventType "team-tourn"]
[EventCountry "NOR"]
[SourceTitle "playchess.com"]
[Source "ChessBase"]
[SourceQuality "1"]
[TimeControl "40/5400+30:1800+30"]

1. d4 {[%emt 0:00:00]} Nf6 {[%emt 0:00:00]} 2. c4 {[%emt 0:00:00]} e6 {[%emt 0:00:55]} 3. Nf3 {[%emt 0:00:00]} c5 {[%emt 0:00:37]} 4. d5 {[%emt 0:00:23]} b5 {[%emt 0:00:06]} 5. dxe6 {[%emt 0:01:39]} fxe6 {[%emt 0:00:07]} 6. cxb5 {[%emt 0:00:52]} d5 {[%emt 0:01:31]} 7. e3 {[%emt 0:03:09]} Bd6 {[%emt 0:00:21]} 8. b3 {[%emt 0:01:44]} Bb7 {[%emt 0:03:53]} 9. Bb2 {[%emt 0:01:15]} O-O {[%emt 0:00:13]} 10. Nbd2 {[%emt 0:01:34]} Qe7 {[%emt 0:07:43]} 11. Ne5 {[%emt 0:13:46]} Qc7 {[%emt 0:06:14]} 12. Ndf3 {[%emt 0:15:46]} Ne4 {[%emt 0:00:52]} 13. Qc2 {[%emt 0:07:29]} Qa5+ {[%emt 0:00:30]} 14. Kd1 {[%emt 0:00:16]} a6 {[%emt 0:00:59]} 15. b6 {[%emt 0:11:04]} Bxe5 {[%emt 0:09:20]} 16. Bxe5 {[%emt 0:00:15]} Nc6 {[%emt 0:00:00]} 17. Bc7 {[%emt 0:03:49]} Qa3 {[%emt 0:27:19]} 18. Rb1 {[%emt 0:06:57]} Qa5 {[%emt 0:05:06]} 19. Ra1 {[%emt 0:00:48]} Nc3+ {[%emt 0:18:58]} 20. Kc1 {[%emt 0:04:49]} Nb4 {[%emt 0:03:40]} 21. Qb2 {[%emt 0:03:20]} Nbxa2+ {[%emt 0:02:38]} 22. Kc2 {[%emt 0:00:42]} d4 {[%emt 0:00:12]} 23. Bd3 {[%emt 0:02:10]} Bxf3 {[%emt 0:07:34]} 24. gxf3 {[%emt 0:00:19]} Rxf3 {[%emt 0:01:24]} 25. Rhf1 {[%emt 0:02:47]} Raf8 {[%emt 0:00:00]} 26. Bg3 {[%emt 0:01:20]} Nb4+ {[%emt 0:00:51]} 27. Kd2 {[%emt 0:00:23]} Qxb6 {[%emt 0:00:16]} 28. Bc4 {[%emt 0:03:29]} dxe3+ {[%emt 0:01:00]} 29. Kxc3 {[%emt 0:01:39]} e2+ {[%emt 0:01:24]} 30. Kd2 {[%emt 0:00:08]} exf1=Q {[%emt 0:00:05]} 31. Rxf1 {[%emt 0:00:09]} Nd5 {[%emt 0:00:24]} 32. Qe5 {[%emt 0:02:19]} R3f5 {[%emt 0:00:59]} 33. Qe4 {[%emt 0:01:59]} Qa5+ {[%emt 0:00:34]} 34. Kc1 {[%emt 0:01:11]} Qa1+ {[%emt 0:00:26]} 35. Kc2 {[%emt 0:02:09]} Nb4+ {[%emt 0:00:31]} 36. Kd2 {[%emt 0:00:13]} Rd8+ {[%emt 0:00:18]} 37. Ke3 {[%emt 0:01:06]} Qc3+ {[%emt 0:00:04] Kd4 [%emt 00:00:26]} 0-1

[Event "NOR-chT Eliteserien 2018-19"]
[Site "Norway"]
[Date "2019.01.12"]
[Round "5"]
[White "Flermoen, Peter"]
[Black "Hole, Oystein"]
[Result "1-0"]
[WhiteElo "2314"]
[BlackElo "2299"]
[Annotator "NA"]
[PlyCount "81"]
[EventDate "2018.11.02"]
[EventType "team-tourn"]
[EventCountry "NOR"]
[SourceTitle "playchess.com"]
[Source "ChessBase"]
[SourceQuality "1"]
[TimeControl "40/5400+30:1800+30"]

1. e4 {[%emt 0:00:00]} c6 {[%emt 0:00:00]} 2. d4 {[%emt 0:00:00]} d5 {[%emt 0:00:00]} 3. Nc3 {[%emt 0:00:00]} dxe4 {[%emt 0:00:00]} 4. Nxe4 {[%emt 0:00:08]} Bf5 {[%emt 0:00:00]} 5. Ng3 {[%emt 0:00:19]} Bg6 {[%emt 0:00:00]} 6. Nf3 {[%emt 0:00:16]} Nd7 {[%emt 0:00:06]} 7. h4 {[%emt 0:00:37]} h6 {[%emt 0:00:06]} 8. h5 {[%emt 0:00:10]} Bh7 {[%emt 0:00:01]} 9. Bd3 {[%emt 0:00:12]} Bxd3 {[%emt 0:00:05]} 10. Qxd3 {[%emt 0:00:10]} Qc7 {[%emt 0:00:08]} 11. Bd2 {[%emt 0:10:39]} e6 {[%emt 0:01:31]} 12. O-O-O {[%emt 0:01:25]} Ngf6 {[%emt 0:01:51]} 13. Ne4 {[%emt 0:02:04]} Nxe4 {[%emt 0:04:38]} 14. Qxe4 {[%emt 0:00:12]} Nf6 {[%emt 0:00:09]} 15. Qe2 {[%emt 0:00:53]} O-O-O {[%emt 0:00:23]} 16. g3 {[%emt 0:00:58]} Bd6 {[%emt 0:03:48]} 17. c4 {[%emt 0:03:30]} c5 {[%emt 0:00:09]} 18. Bc3 {[%emt 0:02:31]} cxd4 {[%emt 0:04:42]} 19. Nxd4 {[%emt 0:03:18]} a6 {[%emt 0:01:14]} 20. f4 {[%emt 0:10:02]} Bc5 {[%emt 0:06:22]} 21. Kb1 {[%emt 0:06:37]} Rd6 {[%emt 0:13:19]} 22. Nb3 {[%emt 0:13:25]} Rxd1+ {[%emt 0:03:27]} 23. Rxd1 {[%emt 0:00:43]} Rd8 {[%emt 0:00:11]} 24. Be5 {[%emt 0:10:44]} Qc6 {[%emt 0:16:30]} 25. Nxc5 {[%emt 0:01:12]} Qxc5 {[%emt 0:00:56]} 26. b3 {[%emt 0:00:52]} Rxd1+ {[%emt 0:12:43]} 27. Qxd1 {[%emt 0:00:10]} Nd7 {[%emt 0:00:22]} 28. Bd6 {[%emt 0:07:59]} Qf5+ {[%emt 0:00:27]} 29. Kb2 {[%emt 0:00:34]} Nf6 {[%emt 0:08:35]} 30. Qd4 {[%emt 0:10:58]} Qe4 {[%emt 0:07:09]} 31. Qa7 {[%emt 0:01:59]} Ne8 {[%emt 0:00:33]} 32. Qb8+ {[%emt 0:01:55]} Kd7 {[%emt 0:00:03]} 33. Bb4 {[%emt 0:00:54]} Qc6 {[%emt 0:03:47]} 34. g4 {[%emt 0:01:03]} f6 {[%emt 0:01:14]} 35. Ba5 {[%emt 0:05:12]} Qc8 {[%emt 0:08:24]} 36. Qxc8+ {[%emt 0:00:17]} Kxc8 {[%emt 0:00:01]} 37. Bb4 {[%emt 0:00:12]} Kd7 {[%emt 0:00:06]} 38. Bf8 {[%emt 0:01:03]} f5 {[%emt 0:02:40]} 39. g5 {[%emt 0:00:56]} hxg5 {[%emt 0:00:27]} 40. fxg5 {[%emt 0:04:31]} e5 {[%emt 0:00:33]} 41. Bxg7 {[%emt 0:30:44]} 1-0

[Event "NOR-chT Eliteserien 2018-19"]
[Site "Norway"]
[Date "2019.01.12"]
[Round "5"]
[White "Hobber, Anders"]
[Black "Mikalsen, Erlend"]
[Result "1/2-1/2"]
[WhiteElo "2310"]
[BlackElo "2357"]
[Annotator "NA"]
[PlyCount "56"]
[EventDate "2018.11.02"]
[EventType "team-tourn"]
[EventCountry "NOR"]
[SourceTitle "playchess.com"]
[Source "ChessBase"]
[SourceQuality "1"]
[TimeControl "40/5400+30:1800+30"]

1. d4 {[%emt 0:00:21]} Nf6 {[%emt 0:00:00]} 2. Nf3 {[%emt 0:00:52]} b6 {[%emt 0:00:00]} 3. e3 {[%emt 0:00:35]} Bb7 {[%emt 0:00:00]} 4. Bd3 {[%emt 0:01:46]} g6 {[%emt 0:01:52]} 5. O-O {[%emt 0:00:46]} Bg7 {[%emt 0:00:03]} 6. c4 {[%emt 0:03:12]} O-O {[%emt 0:00:20]} 7. Nc3 {[%emt 0:00:57]} d5 {[%emt 0:00:28]} 8. cxd5 {[%emt 0:07:42]} Nxd5 {[%emt 0:00:06]} 9. Nxd5 {[%emt 0:01:44]} Qxd5 {[%emt 0:01:06]} 10. e4 {[%emt 0:04:04]} Qd6 {[%emt 0:03:14]} 11. Be3 {[%emt 0:04:19]} Nd7 {[%emt 0:05:24]} 12. Qc2 {[%emt 0:27:02]} c5 {[%emt 0:02:25]} 13. dxc5 {[%emt 0:08:35]} Nxc5 {[%emt 0:00:16]} 14. Bxc5 {[%emt 0:00:11]} bxc5 {[%emt 0:00:26]} 15. Rfe1 {[%emt 0:03:02]} Bc8 {[%emt 0:06:38]} 16. e5 {[%emt 0:02:58]} Qb6 {[%emt 0:00:24]} 17. h3 {[%emt 0:02:58]} Be6 {[%emt 0:01:28]} 18. b3 {[%emt 0:02:28]} Bd5 {[%emt 0:02:52]} 19. Be4 {[%emt 0:02:49]} e6 {[%emt 0:00:12]} 20. Rad1 {[%emt 0:01:53]} Rad8 {[%emt 0:01:29]} 21. h4 {[%emt 0:04:52]} Qb4 {[%emt 0:04:20]} 22. Bxd5 {[%emt 0:04:15]} exd5 {[%emt 0:00:16]} 23. h5 {[%emt 0:01:27]} Rfe8 {[%emt 0:04:25]} 24. hxg6 {[%emt 0:05:52]} fxg6 {[%emt 0:03:09]} 25. Re3 {[%emt 0:02:43]} Re7 {[%emt 0:07:15]} 26. Rc3 {[%emt 0:02:04]} Rc7 {[%emt 0:03:12]} 27. Rc4 {[%emt 0:01:21]} Qb6 {[%emt 0:04:32]} 28. Rc3 {[%emt 0:01:36]} Rcc8 {[%emt 0:04:39]} 1/2-1/2

[Event "NOR-chT Eliteserien 2018-19"]
[Site "Norway"]
[Date "2019.01.12"]
[Round "5"]
[White "Bern, Ivar"]
[Black "Djurhuus, Rune"]
[Result "0-1"]
[WhiteElo "2302"]
[BlackElo "2457"]
[Annotator "ChessBase"]
[PlyCount "62"]
[EventDate "2018.11.02"]
[EventType "team-tourn"]
[EventCountry "NOR"]
[SourceTitle "playchess.com"]
[Source "ChessBase"]
[SourceQuality "1"]
[TimeControl "40/5400+30:1800+30"]

1. c4 {[%emt 0:00:00]} g6 {[%emt 0:08:47]} 2. d4 {[%emt 0:00:52]} Nf6 {[%emt 0:00:15]} 3. Nc3 {[%emt 0:00:24]} Bg7 {[%emt 0:00:23]} 4. e4 {[%emt 0:00:14]} O-O {[%emt 0:00:29]} 5. Nf3 {[%emt 0:00:22]} d6 {[%emt 0:00:05]} 6. Be2 {[%emt 0:00:08]} Na6 {[%emt 0:00:55]} 7. O-O {[%emt 0:00:24]} e5 {[%emt 0:00:05]} 8. Be3 {[%emt 0:01:18]} Qe8 {[%emt 0:03:10]} 9. dxe5 {[%emt 0:05:38]} dxe5 {[%emt 0:00:07]} 10. Nd2 {[%emt 0:02:19]} b6 {[%emt 0:02:22]} 11. a3 {[%emt 0:02:24]} c6 {[%emt 0:02:55]} 12. b4 {[%emt 0:01:20]} Nc7 {[%emt 0:00:03]} 13. a4 {[%emt 0:08:43]} Ne6 {[%emt 0:10:01]} 14. a5 {[%emt 0:02:37]} Rb8 {[%emt 0:00:04]} 15. axb6 {[%emt 0:01:51]} axb6 {[%emt 0:00:47]} 16. Ra7 {[%emt 0:06:08]} Nd7 {[%emt 0:07:43]} 17. Nb3 {[%emt 0:05:32]} Qe7 {[%emt 0:05:50]} 18. c5 {[%emt 0:05:32]} bxc5 {[%emt 0:07:06]} 19. Bxc5 {[%emt 0:06:05]} Nexc5 {[%emt 0:00:53]} 20. Nxc5 {[%emt 0:00:08]} Rxb4 {[%emt 0:01:20]} 21. Nxd7 {[%emt 0:06:47]} Rd4 {[%emt 0:00:10]} 22. Nxf8 {[%emt 0:09:07]} Qxa7 {[%emt 0:00:13]} 23. Qa1 {[%emt 0:00:42]} Qxa1 {[%emt 0:01:07]} 24. Rxa1 {[%emt 0:00:06]} Bxf8 {[%emt 0:00:05]} 25. Ra8 {[%emt 0:03:02]} Be6 {[%emt 0:01:00]} 26. g3 {[%emt 0:24:35]} Rd2 {[%emt 0:01:57]} 27. Ba6 {[%emt 0:02:51]} Kg7 {[%emt 0:01:11]} 28. Bc8 {[%emt 0:02:35]} Rd8 {[%emt 0:03:17]} 29. Bb7 {[%emt 0:00:26]} Rd3 {[%emt 0:00:03]} 30. Na4 {[%emt 0:00:53]} Bh3 {[%emt 0:00:50]} 31. f4 {[%emt 0:00:15]} Rd2 {[%emt 0:00:50]} 0-1